Modeling public decision preferences using context-specific value hierarchies (Record no. 107717)

000 -LEADER
fixed length control field 01569pab a2200169 454500
008 - FIXED-LENGTH DATA ELEMENTS--GENERAL INFORMATION
fixed length control field 180718b2015 xxu||||| |||| 00| 0 eng d
100 ## - MAIN ENTRY--PERSONAL NAME
Personal name Witesman, Eva M.
245 ## - TITLE STATEMENT
Title Modeling public decision preferences using context-specific value hierarchies
260 ## - PUBLICATION, DISTRIBUTION, ETC.
Date of publication, distribution, etc. 2015
300 ## - PHYSICAL DESCRIPTION
Extent p.86-105.
362 ## - DATES OF PUBLICATION AND/OR SEQUENTIAL DESIGNATION
Dates of publication and/or sequential designation Jan
520 ## - SUMMARY, ETC.
Summary, etc. Although a universal hierarchy of public values has proven elusive, the literature in individual-level values suggests that decision makers do organize their personal values into hierarchies based on context. Through analysis of public values and public decision preferences gathered in a pilot study of city-level public administrators (n = 182), we use an empirical approach to identify context-relevant public values for five different decision contexts. We then demonstrate multiple possible approaches to modeling individual- and community-level policy preferences based on value hierarchies derived from the individual-level data. We find that the predictions based on value hierarchies are better than would be predicted in the absence of such hierarchies, and that these differences are statistically significant. These findings suggest that while creating a universal hierarchy of values remains challenging, context-relevant public value hierarchies at smaller units of analysis may be useful in describing, predicting, and explaining the decisions of public administrators. - Reproduced,.
650 ## - SUBJECT ADDED ENTRY--TOPICAL TERM
Topical term or geographic name entry element Decision making
700 ## - ADDED ENTRY--PERSONAL NAME
Personal name Walters, Lawrence C.
773 ## - HOST ITEM ENTRY
Main entry heading American Review of Public Administration
909 ## -
-- 107722
Holdings
Withdrawn status Lost status Damaged status Not for loan Permanent Location Current Location Date acquired Serial Enumeration / chronology Barcode Date last seen Price effective from Koha item type
        Indian Institute of Public Administration Indian Institute of Public Administration 2018-07-19 Volume no: 45, Issue no: 1 AR108182 2018-07-19 2018-07-19 Articles

Powered by Koha